书目信息 |
| 题名: |
中国北斗
|
|
| 作者: | 龚盛辉 著 | |
| 分册: | ||
| 出版信息: | 济南 山东文艺出版社 2021.12 |
|
| 页数: | 310页 | |
| 开本: | 24cm | |
| 丛书名: | ||
| 单 册: | ||
| 中图分类: | I253 | |
| 科图分类: | ||
| 主题词: | 报告文学--bao gao wen xue--中国--当代 | |
| 电子资源: | ||
| ISBN: | 978-7-5329-5852-8 | |
| 000 | 01220nam0 2200241 450 | |
| 001 | 27617 | |
| 005 | 20220921163514.21 | |
| 010 | @a978-7-5329-5852-8@dCNY48.00 | |
| 100 | @a20220224d2021 em y0chiy50 ea | |
| 101 | 0 | @achi |
| 102 | @aCN@b370000 | |
| 105 | @ak z 000zy | |
| 200 | 1 | @a中国北斗@Azhong guo bei dou@f龚盛辉著 |
| 210 | @a济南@c山东文艺出版社@d2021.12 | |
| 215 | @a310页@d24cm | |
| 300 | @a2018年中国作家协会重点作品扶持项目 中宣部2019年主题出版重点出版物 | |
| 314 | @a龚盛辉, 湖南江永人, 我国科技报告文学代表作家之一, 中国作家协会会员, 湖南省报告文学学会副会长。作品曾获中宣部精神文明建设“五个一工程”奖。1994年开始文学创作, 创作出版长篇报告文学《铸剑》《向着中国梦强军梦前行》《决战崛起》《中国超算》《国防之光》和长篇小说《绝境无泪》等。 | |
| 330 | @a本书是第一部讲述中华儿女26载顽强奋斗、攻坚克难、独立自主地建设北斗全球卫星导航系统的报告文学。它以北斗系统建设时间为横线, 以各分系统团队攻克重重难关为纵线, 立体地描述了在关键核心技术“要不来, 买不来, 讨不来”的困境下, 北斗系统从无到有、由弱到强的建设历程。 | |
| 606 | 0 | @a报告文学@Abao gao wen xue@y中国@z当代 |
| 690 | @aI253@v5 | |
| 701 | 0 | @a龚盛辉@Agong sheng hui@4著 |
| 801 | 0 | @aCN@c20220910 |
| 905 | @a河南城建学院图书馆@dI253@eG389@f2 | |
| 中国北斗/龚盛辉著.-济南:山东文艺出版社,2021.12 |
| 310页;24cm |
| 2018年中国作家协会重点作品扶持项目 中宣部2019年主题出版重点出版物 |
| ISBN 978-7-5329-5852-8:CNY48.00 |
| 本书是第一部讲述中华儿女26载顽强奋斗、攻坚克难、独立自主地建设北斗全球卫星导航系统的报告文学。它以北斗系统建设时间为横线, 以各分系统团队攻克重重难关为纵线, 立体地描述了在关键核心技术“要不来, 买不来, 讨不来”的困境下, 北斗系统从无到有、由弱到强的建设历程。 |
| ● |
| 相关链接 |
|
|
|
正题名:中国北斗
索取号:I253/G389
 
预约/预借
| 序号 | 登录号 | 条形码 | 馆藏地/架位号 | 状态 | 备注 |
| 1 | 1579889 | 215798894 | 文学库108/108文学库 67排1列5层/ [索取号:I253/G389] | 在馆 | |
| 2 | 1579890 | 215798901 | 文学库108/108文学库 67排1列5层/ [索取号:I253/G389] | 在馆 |